000 00586nam a2200217 i 4500
001 C2-0252478
003 PPAK
005 20180727215646.0
008 031112s1986 si a|||| ||||| | eng d
040 _aPPAK
_beng
_cPPAK
_erda
082 0 4 _a730
_223
090 0 0 _a730
_bJUM
_dKSF
245 0 0 _aJu Ming :
_bsculpture
264 1 _aSingapore :
_bNational Museum Art Gallery ,
_c1986
300 _a40 pages :
_bcolour illustrations ;
_c30 cm
336 _2rdacontent
_atext
337 _2rdamedia
_aunmediated
338 _2rdacarrier
_avolume
650 1 0 _aSculpture
942 _ddc
_cB
999 _c65501
_d65501